01196nam a2200301 a 450000100060000000300080000600500170001400800410003102000400007203500190011204000270013104100080015808200260016610000360019224501200022826000500034830000340039850400640043265000350049665000330053165000350056465000330059965000340063270000380066694200120070499900170071695201610073360731BD-RjUL20211209080857.0170102s2005 utua b s001 0 eng  a0874216117 (hardcover : alk. paper) a(BD-RjUL)60855 aDLCcDLCdBD-RjULbeng aeng00a398.072223bSIL 20051 aSims, Martha C.,d1963-918094310aLiving folklore :ban introduction to the study of people and their traditions /cMartha C. Sims, Martine Stephens. aLogan :bUtah State University Press,cc2005. axiv, 296 p. :bill. ;c24 cm. aIncludes bibliographical references (p. 286-292) and index. 0aFolklorexMethodology.9180944 0aFolklorexFieldwork.9180945 0aFolklorexPerformance.9180946 0aManners and customs.9171679 0aRites and ceremonies.91809471 aStephens, Martine,d1959-9180948 2ddccBK c60731d60731 00102ddc40718NFICaRUCLbRUCLcReadingd2013-07-06eDhaka, Space Marketing Comm.g2380.00l0o398.072 SIL 2005r2017-01-02 00:00:00tC-1w2017-01-02yBK